[Event "2BLW 2324 SC Siegburg - SF Lieme"]
[Site "?"]
[Date "2023.10.21"]
[Round "1.2"]
[White "Hoffmann, Michael"]
[Black "Schuh, Dirk"]
[Result "1-0"]
[WhiteElo "2412"]
[BlackElo "2362"]
[PlyCount "147"]
[EventDate "2023.??.??"]

1. c4 e6 2. Nf3 d5 3. g3 Nf6 4. Bg2 Be7 5. O-O O-O 6. d4 c6 7. Nc3 Nbd7 8. Qd3 b6 9. Rd1 Ba6 10. b3 Rc8 11. e4 c5 12. exd5 exd5 13. Nb5 dxc4 14. bxc4 Bxb5 15. cxb5 c4 16. Qc2 Qc7 17. Nh4 g6 18. Bc6 Rfd8 19. Bf4 Bd6 20. Bg5 Kg7 21. Qxc4 h6 22. Bd2 Nb8 23. d5 Nbd7 24. Nf3 Ne5 25. Nxe5 Bxe5 26. Rac1 Ne8 27. Re1 Bf6 28. Qg4 Nd6 29. Qf3 Rh8 30. Qa3 Rcd8 31. Bc3 Bxc3 32. Qxc3+ f6 33. Re6 Rhf8 34. Qe1 Qb8 35. Re7+ Rf7 36. Rc3 Rdf8 37. Re6 Qd8 38. Rd3 Qc7 39. Rf3 Nf5 40. Rxf5 gxf5 41. d6 Qb8 42. d7 Rd8 43. Re8 Qc7 44. Qe6 Rdxd7 45. Qxf5 Rd1+ 46. Kg2 Rd4 47. Be4 Rxe4 48. Rxe4 Qc5 49. Qxc5 bxc5 50. Re6 Rd7 51. Rc6 Kg6 52. Rxc5 Rd4 53. Rc6 Rb4 54. Ra6 Rxb5 55. Rxa7 Rb2 56. Ra5 h5 57. h4 Rc2 58. a4 Rc4 59. Ra8 Kg7 60. a5 Rc5 61. a6 Rc6 62. Kf3 Re6 63. Kf4 Re2 64. f3 Re6 65. g4 hxg4 66. Kxg4 Rb6 67. f4 Rc6 68. Kf5 Rc5+ 69. Ke6 Rc6+ 70. Kd5 Rc1 71. Rb8 Ra1 72. Rb6 Kg6 73. Kc6 Kf5 74. Kb7 1-0

[Event "2BLW 2324 SC Siegburg - SF Lieme"]
[Site "?"]
[Date "2023.10.21"]
[Round "1.3"]
[White "Wittke, Rene"]
[Black "Baklan, Vladimir"]
[Result "0-1"]
[WhiteElo "2325"]
[BlackElo "2546"]
[PlyCount "64"]
[EventDate "2023.??.??"]

1. c4 e5 2. g3 g6 3. Bg2 Bg7 4. Nc3 Ne7 5. d3 c6 6. e4 d6 7. Nge2 a6 8. a4 a5 9. O-O Na6 10. Be3 Be6 11. h3 Qd7 12. Kh2 f5 13. f4 h5 14. h4 Ng8 15. Bb6 Nf6 16. Qd2 Ng4+ 17. Kg1 O-O 18. Rad1 Nb4 19. c5 Bb3 20. Rc1 dxc5 21. Bxc5 Nxd3 22. Bxf8 Bxf8 23. Nd1 Rd8 24. Rc3 Bc5+ 25. Rxc5 Nxc5 26. Qxd7 Rxd7 27. Ndc3 Ne3 28. Rf2 Nd3 29. Rf3 Nxg2 30. exf5 Nge1 31. Rf1 gxf5 32. fxe5 Be6 0-1

[Event "2BLW 2324 SC Siegburg - SF Lieme"]
[Site "?"]
[Date "2023.10.21"]
[Round "1.4"]
[White "Kovchan, Alexander"]
[Black "Bentel, Robin"]
[Result "1-0"]
[WhiteElo "2488"]
[BlackElo "2170"]
[PlyCount "71"]
[EventDate "2023.??.??"]

1. e4 c5 2. Nf3 e6 3. d4 cxd4 4. Nxd4 a6 5. Bd3 Bc5 6. Nb3 Ba7 7. Qe2 Ne7 8. Be3 O-O 9. O-O Nbc6 10. c4 d6 11. Nc3 e5 12. Bxa7 Rxa7 13. Rfd1 Ng6 14. Qe3 b6 15. Bf1 Bg4 16. Rd2 Qb8 17. g3 Rb7 18. h3 Be6 19. Rad1 b5 20. Rxd6 Nd4 21. Rxa6 bxc4 22. Nxd4 exd4 23. Qxd4 Ne5 24. Kg2 Rxb2 25. Rd6 Nd3 26. Bxd3 cxd3 27. Rxd3 Rb4 28. Qe3 Qc8 29. g4 h6 30. Qd2 Kh7 31. g5 Qb7 32. Rg3 Bf5 33. gxh6 Bxe4+ 34. Nxe4 Qxe4+ 35. f3 Qb1 36. hxg7 1-0

[Event "2BLW 2324 SC Siegburg - SF Lieme"]
[Site "?"]
[Date "2023.10.21"]
[Round "1.5"]
[White "Himpenmacher, Andy"]
[Black "Zavgorodniy, Sergiy"]
[Result "1-0"]
[WhiteElo "2214"]
[BlackElo "2416"]
[PlyCount "85"]
[EventDate "2023.??.??"]

1. Nf3 Nf6 2. b3 d6 3. d4 g6 4. Bb2 Bg7 5. e3 O-O 6. Be2 e5 7. dxe5 Ng4 8. c4 Nxe5 9. Nc3 Nxf3+ 10. Bxf3 Nd7 11. O-O Qh4 12. g3 Qh6 13. Bg2 Ne5 14. Nd5 Bg4 15. f3 Bxf3 16. Bxf3 Nxf3+ 17. Qxf3 Bxb2 18. Rab1 Be5 19. Nxc7 Rac8 20. Nd5 Kg7 21. Rbd1 Qg5 22. Nf4 Qe7 23. Nd5 Qe6 24. Rd2 h5 25. Nf4 Qe7 26. Nd5 Qe6 27. Nf4 Qe7 28. Nd5 Qd7 29. Nf6 Qe6 30. Ne4 f5 31. Nf2 Qf7 32. Nd3 Bc3 33. Rc2 Bf6 34. Rd1 d5 35. c5 d4 36. exd4 Bxd4+ 37. Kg2 Rfe8 38. Nf4 Rxc5 39. Rxc5 Bxc5 40. Qc3+ Kg8 41. Qxc5 g5 42. Nd3 b6 43. Qc6 1-0

[Event "2BLW 2324 SC Siegburg - SF Lieme"]
[Site "?"]
[Date "2023.10.21"]
[Round "1.6"]
[White "Dzierzenga, Stefan"]
[Black "Essing, Arnold"]
[Result "1/2-1/2"]
[WhiteElo "2137"]
[BlackElo "2219"]
[PlyCount "24"]
[EventDate "2023.??.??"]

1. e4 e5 2. Nf3 Nf6 3. Nxe5 d6 4. Nf3 Nxe4 5. Nc3 Nxc3 6. dxc3 Be7 7. Be3 Nc6 8. Qd2 Be6 9. Be2 Qd7 10. O-O-O Bf6 11. Kb1 O-O-O 12. h3 Kb8 1/2-1/2

[Event "2BLW 2324 SC Siegburg - SF Lieme"]
[Site "?"]
[Date "2023.10.21"]
[Round "1.7"]
[White "Schaffarczyk, Andre"]
[Black "Albrecht, Oliver"]
[Result "1/2-1/2"]
[WhiteElo "2118"]
[BlackElo "2147"]
[PlyCount "81"]
[EventDate "2023.??.??"]

1. e4 c5 2. Nf3 d6 3. Nc3 Nf6 4. e5 dxe5 5. Nxe5 Nbd7 6. d4 e6 7. Be3 cxd4 8. Bxd4 Be7 9. g3 O-O 10. Bg2 Qc7 11. Qe2 Bc5 12. Nb5 Qa5+ 13. Bc3 Bb4 14. Bxb4 Qxb4+ 15. c3 Qc5 16. Nf3 Nb6 17. O-O Bd7 18. Nbd4 Bc6 19. Nxc6 Qxc6 20. Ne5 Qc7 21. a4 Nbd7 22. Nxd7 Qxd7 23. Rfd1 Qc7 24. Qb5 Rad8 25. a5 Rxd1+ 26. Rxd1 b6 27. axb6 axb6 28. Qc6 Qxc6 29. Bxc6 Rb8 30. f3 Kf8 31. Kf2 Ke7 32. b4 Rd8 33. Rxd8 Kxd8 34. c4 Kc7 35. Ba4 Kd6 36. Ke3 e5 37. Bc2 h6 38. Bf5 Ne8 39. Bc2 Nc7 40. Bf5 Na6 41. b5 1/2-1/2

[Event "2BLW 2324 SC Siegburg - SF Lieme"]
[Site "?"]
[Date "2023.10.21"]
[Round "1.8"]
[White "Kolkin, Michail"]
[Black "Wolf, Andre"]
[Result "1-0"]
[WhiteElo "2337"]
[BlackElo "2076"]
[PlyCount "55"]
[EventDate "2023.??.??"]

1. Nf3 d5 2. g3 e6 3. Bg2 Nf6 4. d4 b5 5. O-O Nbd7 6. a4 b4 7. c4 c5 8. cxd5 Nxd5 9. e4 N5f6 10. d5 Ba6 11. dxe6 fxe6 12. e5 Bxf1 13. Bxf1 Nd5 14. Ng5 Nc7 15. Bf4 Be7 16. Qh5+ g6 17. Qh6 Bf8 18. Qh3 Bg7 19. Nxe6 Nxe6 20. Qxe6+ Qe7 21. Qd5 Nb6 22. Bb5+ Kf8 23. Qf3 Qf7 24. Nd2 Rd8 25. Ne4 Kg8 26. Nd6 Qe6 27. a5 Qd5 28. Bc4 1-0

[Event "2BLW 2324 SG Solingen II - Bad Emstal/Wo"]
[Site "?"]
[Date "2023.10.22"]
[Round "2.1"]
[White "Galperin, Platon"]
[Black "Krastev, Alexander"]
[Result "0-1"]
[WhiteElo "2564"]
[BlackElo "2423"]
[PlyCount "56"]
[EventDate "2023.??.??"]

1. e4 c5 2. Nf3 Nc6 3. Bc4 e6 4. O-O g5 5. c3 g4 6. Ne1 Nf6 7. d4 Nxe4 8. d5 Ne5 9. Bb3 Bg7 10. Qe2 Nd6 11. Bf4 Qf6 12. Nd3 Nxd3 13. Bxd6 e5 14. Qxg4 Rg8 15. Bc2 Nf4 16. Bxh7 Rh8 17. Re1 Qh6 18. Bxe5 Bxe5 19. Rxe5+ Kf8 20. Rf5 Ng6 21. Nd2 Rxh7 22. Qg3 Ne7 23. Re5 Qxd2 24. Rae1 Ng6 25. Re8+ Kg7 26. d6 Qf4 27. R1e4 Qxg3 28. fxg3 f6 0-1

[Event "2BLW 2324 SG Solingen II - Bad Emstal/Wo"]
[Site "?"]
[Date "2023.10.22"]
[Round "2.2"]
[White "Roseneck, Jonas"]
[Black "Peng, Li Min"]
[Result "0-1"]
[WhiteElo "2395"]
[BlackElo "2554"]
[PlyCount "78"]
[EventDate "2023.??.??"]

1. c4 Nf6 2. Nc3 e5 3. Nf3 Nc6 4. e3 Bb4 5. Qc2 O-O 6. Nd5 Bc5 7. a3 a5 8. Ng5 g6 9. h4 d6 10. Nxf6+ Qxf6 11. Ne4 Qe7 12. h5 f5 13. Nc3 Be6 14. b3 g5 15. Bb2 Nb8 16. O-O-O Nd7 17. d4 Ba7 18. d5 Bf7 19. g4 fxg4 20. Ne4 h6 21. Be2 Kh8 22. Ng3 Bg8 23. Bd3 Rf3 24. Nf5 Qf7 25. Be4 Bh7 26. Bxf3 gxf3 27. e4 Bxf5 28. exf5 Rf8 29. Rd2 Qxf5 30. b4 Qxc2+ 31. Rxc2 Rf4 32. Re1 axb4 33. axb4 Kg8 34. Ba3 Kf7 35. c5 Ke7 36. Kb2 Rd4 37. cxd6+ cxd6 38. Re3 g4 39. Rec3 Bb6 0-1

[Event "2BLW 2324 SG Solingen II - Bad Emstal/Wo"]
[Site "?"]
[Date "2023.10.22"]
[Round "2.3"]
[White "Sivuk, Vitaly"]
[Black "Gaponenko, Inna"]
[Result "1-0"]
[WhiteElo "2454"]
[BlackElo "2332"]
[PlyCount "67"]
[EventDate "2023.??.??"]

1. d4 d5 2. c4 dxc4 3. e4 c5 4. d5 Nf6 5. Nc3 e6 6. Bg5 Be7 7. Nf3 Nxd5 8. exd5 Bxg5 9. Bxc4 Bf6 10. O-O O-O 11. Ne4 b6 12. Qb3 e5 13. Rfe1 Nd7 14. Bb5 a6 15. Bc6 Ra7 16. Rad1 Nb8 17. Nxc5 bxc5 18. Qxb8 Rc7 19. Rc1 Bb7 20. Qxd8 Rxd8 21. Rxc5 Be7 22. Rc4 f6 23. Rec1 Kf8 24. g3 a5 25. a3 Ba6 26. R4c3 Rb8 27. R1c2 Bd6 28. Nd2 f5 29. Nb3 a4 30. Nc5 Bxc5 31. Rxc5 Ke7 32. Ra5 Bb7 33. Rd2 Bxc6 34. dxc6 1-0

[Event "2BLW 2324 SG Solingen II - Bad Emstal/Wo"]
[Site "?"]
[Date "2023.10.22"]
[Round "2.4"]
[White "Schlecht, Daniel"]
[Black "Bilych, Olexiy"]
[Result "1/2-1/2"]
[WhiteElo "2370"]
[BlackElo "2425"]
[PlyCount "20"]
[EventDate "2023.??.??"]

1. Nf3 d5 2. d4 Nf6 3. Bf4 c5 4. e3 Nc6 5. Nbd2 e6 6. c3 h6 7. Bd3 Nh5 8. Be5 Nf6 9. Bf4 Nh5 10. Be5 Nf6 1/2-1/2

[Event "2BLW 2324 SG Solingen II - Bad Emstal/Wo"]
[Site "?"]
[Date "2023.10.22"]
[Round "2.5"]
[White "Bogdanov, Egor"]
[Black "Schaefer, Markus"]
[Result "1/2-1/2"]
[WhiteElo "2374"]
[BlackElo "2358"]
[PlyCount "44"]
[EventDate "2023.??.??"]

1. e4 e6 2. d4 d5 3. exd5 exd5 4. c4 Bb4+ 5. Nc3 Nf6 6. Nf3 O-O 7. Bd3 dxc4 8. Bxc4 Nc6 9. O-O Bg4 10. Be3 Qd6 11. Rc1 a6 12. Be2 Rae8 13. h3 Bh5 14. Qb3 Bxc3 15. bxc3 b5 16. a4 bxa4 17. Qxa4 Nd5 18. Qxa6 Bxf3 19. Bxf3 Nxd4 20. Qxd6 Nxf3+ 21. gxf3 cxd6 22. Rfe1 Nxe3 1/2-1/2

[Event "2BLW 2324 SG Solingen II - Bad Emstal/Wo"]
[Site "?"]
[Date "2023.10.22"]
[Round "2.6"]
[White "Berg, Michael"]
[Black "Prokofiev, Valentyn"]
[Result "0-1"]
[WhiteElo "2321"]
[BlackElo "2315"]
[PlyCount "66"]
[EventDate "2023.??.??"]

1. d4 Nf6 2. c4 c5 3. d5 g6 4. Nc3 Bg7 5. e4 d6 6. h3 O-O 7. Nf3 e6 8. Bd3 exd5 9. cxd5 b5 10. Nxb5 Re8 11. O-O Nxe4 12. Re1 a6 13. Na3 Nf6 14. Rxe8+ Nxe8 15. Nc4 Bb7 16. Bf4 Qc7 17. Rc1 Nd7 18. b4 cxb4 19. Nxd6 Bc3 20. Ng5 Nxd6 21. Ne4 Qa5 22. Nxd6 Bxd5 23. Be4 Nf6 24. Bxd5 Qxd5 25. Qe2 Qe6 26. Qxe6 fxe6 27. Bg5 Nd5 28. Ne4 a5 29. Kf1 a4 30. Ke2 Bb2 31. Rb1 a3 32. Bc1 b3 33. axb3 a2 0-1

[Event "2BLW 2324 SG Solingen II - Bad Emstal/Wo"]
[Site "?"]
[Date "2023.10.22"]
[Round "2.7"]
[White "Rakhmangulova, Anastasiya"]
[Black "Michalczak, Thomas"]
[Result "1-0"]
[WhiteElo "2354"]
[BlackElo "2187"]
[PlyCount "71"]
[EventDate "2023.??.??"]

1. e4 e5 2. Nf3 Nc6 3. Bc4 Nf6 4. d3 Bc5 5. Nc3 h6 6. h3 a6 7. a4 d6 8. Be3 Bxe3 9. fxe3 Be6 10. Nd2 d5 11. exd5 Nxd5 12. Nxd5 Bxd5 13. O-O O-O 14. Rf2 Bxc4 15. Nxc4 a5 16. e4 Qd7 17. Qh5 f6 18. Raf1 Nd4 19. Qg6 Qe8 20. Qg4 Qe6 21. Qg3 Rad8 22. Ne3 Kh7 23. Qh4 Qd7 24. Ng4 Ne6 25. Nxf6+ gxf6 26. Rxf6 Rxf6 27. Rxf6 Nf8 28. Rxh6+ Kg8 29. Rh8+ Kg7 30. Qh6+ Kf7 31. Qh5+ Kf6 32. Rh6+ Ke7 33. Qxe5+ Kf7 34. c3 b6 35. Qf6+ Ke8 36. Rh5 1-0

[Event "2BLW 2324 SG Solingen II - Bad Emstal/Wo"]
[Site "?"]
[Date "2023.10.22"]
[Round "2.8"]
[White "Gupta, Milon"]
[Black "Tobak, Mikhail"]
[Result "1/2-1/2"]
[WhiteElo "2182"]
[BlackElo "2313"]
[PlyCount "81"]
[EventDate "2023.??.??"]

1. Nf3 d5 2. e3 c5 3. b3 Nc6 4. Bb2 Bg4 5. Bb5 f6 6. h3 Bh5 7. Bxc6+ bxc6 8. d3 e5 9. Nbd2 Bd6 10. Qe2 Ne7 11. g4 Bf7 12. h4 Qa5 13. a3 Be6 14. Nh2 O-O-O 15. O-O-O Qa6 16. Rde1 Kc7 17. f4 c4 18. dxc4 Bxa3 19. cxd5 Qxe2 20. Rxe2 Bxb2+ 21. Kxb2 cxd5 22. Ndf3 Nc6 23. g5 h6 24. gxf6 gxf6 25. fxe5 fxe5 26. Rg1 Rdf8 27. Nd2 Kd6 28. Rg6 Rfg8 29. Reg2 Ne7 30. Rxg8 Rxg8 31. Rxg8 Nxg8 32. e4 Ne7 33. Kc3 Ng6 34. Nhf3 Bg4 35. Kd3 d4 36. Kc4 Kc6 37. Kb4 h5 38. Ka5 Kc5 39. b4+ Kc6 40. Ka4 Kd6 41. Kb5 1/2-1/2

[Event "2BLW 2324 SV Werder Bremen II - SC Siegb"]
[Site "?"]
[Date "2023.10.22"]
[Round "2.1"]
[White "Roshka, Yevgeniy"]
[Black "Pruijssers, Roeland"]
[Result "0-1"]
[WhiteElo "2506"]
[BlackElo "2540"]
[PlyCount "78"]
[EventDate "2023.??.??"]

1. Nf3 d5 2. d4 Nf6 3. c4 e6 4. g3 dxc4 5. Bg2 Nc6 6. O-O Rb8 7. Qc2 b5 8. b3 Nb4 9. Qb2 cxb3 10. axb3 a6 11. Ne5 Nd7 12. Nc6 Nxc6 13. Bxc6 Be7 14. e4 O-O 15. Be3 f5 16. Nd2 Bb4 17. Nf3 fxe4 18. Ng5 Nf6 19. Qc2 h6 20. Nxe4 Nd5 21. Nc5 Rb6 22. Nd3 Bc3 23. Ne5 Bxa1 24. Rxa1 Rf5 25. Bd2 Qd6 26. Be8 Ne7 27. Re1 Bb7 28. Qc5 Qd8 29. Bb4 Rd6 30. Bf7+ Rxf7 31. Nxf7 Kxf7 32. Qh5+ Kg8 33. Bxd6 Qxd6 34. Re5 Qc6 35. Kf1 Qd7 36. Re1 Nf5 37. Qg6 Nxd4 38. Rd1 e5 39. Qh5 Qd5 0-1

[Event "2BLW 2324 SV Werder Bremen II - SC Siegb"]
[Site "?"]
[Date "2023.10.22"]
[Round "2.2"]
[White "Colbow, Collin"]
[Black "Hoffmann, Michael"]
[Result "1-0"]
[WhiteElo "2404"]
[BlackElo "2412"]
[PlyCount "133"]
[EventDate "2023.??.??"]

1. d4 Nf6 2. Nf3 g6 3. e3 Bg7 4. c4 O-O 5. Be2 b6 6. O-O Bb7 7. Nc3 d5 8. cxd5 Nxd5 9. Bd2 Nxc3 10. Bxc3 Nd7 11. Qa4 c5 12. Rfd1 e6 13. b4 Bd5 14. Rac1 cxd4 15. Bxd4 Bxd4 16. Nxd4 Nf6 17. Ba6 Qe7 18. Nb5 Rfd8 19. f3 e5 20. Rc7 Qe8 21. Qc2 e4 22. f4 Be6 23. Rxd8 Rxd8 24. Rxa7 Ng4 25. Nc7 Qe7 26. Nxe6 Qxb4 27. Qe2 Qb1+ 28. Qf1 Qxf1+ 29. Kxf1 fxe6 30. Ke2 Nf6 31. Bc4 Nd5 32. Bxd5 exd5 33. Kd2 d4 34. Ra4 dxe3+ 35. Kxe3 Rd3+ 36. Kxe4 Rd2 37. Kf3 b5 38. Ra7 b4 39. h4 b3 40. axb3 Rd3+ 41. Ke4 Rxb3 42. g4 Rg3 43. g5 Rb3 44. Ra8+ Kf7 45. Ra7+ Kg8 46. h5 gxh5 47. f5 h4 48. Ra6 h3 49. Rh6 Kg7 50. Kf4 Rb4+ 51. Kg3 Rb5 52. Kg4 Rb4+ 53. Kxh3 Rf4 54. f6+ Kg8 55. Kg3 Ra4 56. Rh1 Ra7 57. Kg4 Ra4+ 58. Kh5 Ra2 59. Rb1 Rh2+ 60. Kg4 Rg2+ 61. Kh4 h6 62. Rb8+ Kf7 63. Rb7+ Ke6 64. Re7+ Kd6 65. gxh6 Rg6 66. h7 Rxf6 67. Ra7 1-0

[Event "2BLW 2324 SV Werder Bremen II - SC Siegb"]
[Site "?"]
[Date "2023.10.22"]
[Round "2.3"]
[White "Baklan, Vladimir"]
[Black "Grigorian, Spartak"]
[Result "0-1"]
[WhiteElo "2546"]
[BlackElo "2444"]
[PlyCount "98"]
[EventDate "2023.??.??"]

1. e4 c5 2. c3 Nf6 3. e5 Nd5 4. Bc4 e6 5. Nf3 d6 6. O-O dxe5 7. Nxe5 Bd6 8. d4 O-O 9. Re1 Qc7 10. Bb3 a6 11. Nd2 cxd4 12. cxd4 f6 13. Nef3 Bb4 14. a3 Ba5 15. Rf1 Qf7 16. Ne4 Rd8 17. Qe2 Nc6 18. Bc2 Bb6 19. Rd1 h6 20. Nc3 Nce7 21. Re1 Bd7 22. Na4 Bxa4 23. Bxa4 Rd6 24. Be3 Nf5 25. Rad1 Rad8 26. Bc2 g5 27. g3 Qh5 28. Be4 g4 29. Nd2 Nfxe3 30. fxe3 Nxe3 31. Nc4 Nxd1 32. Nxb6 Rxd4 33. Bg2 R8d6 34. Qc2 Kg7 35. b4 Rd2 36. Qc7+ Qf7 37. Qxf7+ Kxf7 38. Nc4 Rxg2+ 39. Kxg2 Rd3 40. Na5 b5 41. Nb7 Ne3+ 42. Kf2 Nc2 43. Re2 Nd4 44. Ra2 Rc3 45. Nc5 a5 46. Ne4 Rf3+ 47. Kg2 a4 48. h3 f5 49. Nf2 h5 0-1

[Event "2BLW 2324 SV Werder Bremen II - SC Siegb"]
[Site "?"]
[Date "2023.10.22"]
[Round "2.4"]
[White "Meins, Gerlef"]
[Black "Kovchan, Alexander"]
[Result "1/2-1/2"]
[WhiteElo "2412"]
[BlackElo "2488"]
[PlyCount "26"]
[EventDate "2023.??.??"]

1. d4 Nf6 2. c4 g6 3. Nc3 d5 4. Bf4 Bg7 5. e3 O-O 6. cxd5 Nxd5 7. Nxd5 Qxd5 8. Bxc7 Na6 9. Bxa6 Qxg2 10. Qf3 Qxf3 11. Nxf3 bxa6 12. Rc1 f6 13. O-O Rf7 1/2-1/2

[Event "2BLW 2324 SV Werder Bremen II - SC Siegb"]
[Site "?"]
[Date "2023.10.22"]
[Round "2.5"]
[White "Zavgorodniy, Sergiy"]
[Black "Kollen, Zyon"]
[Result "1/2-1/2"]
[WhiteElo "2416"]
[BlackElo "2333"]
[PlyCount "83"]
[EventDate "2023.??.??"]

1. Nf3 Nf6 2. e3 d5 3. b3 e6 4. Bb2 Be7 5. d4 b6 6. Nbd2 Bb7 7. c4 Nbd7 8. Bd3 O-O 9. O-O c5 10. Qe2 a5 11. Rac1 a4 12. Bb1 Qb8 13. Ne5 Nxe5 14. dxe5 Ne4 15. Nxe4 dxe4 16. Qg4 b5 17. Bxe4 axb3 18. axb3 bxc4 19. Bxb7 Qxb7 20. Qxc4 Ra2 21. Bc3 Rb8 22. Rb1 Ra3 23. Rfc1 Rxb3 24. Rxb3 Qxb3 25. Qxb3 Rxb3 26. Kf1 Kf8 27. Ke2 Ke8 28. Kd3 Kd7 29. Ra1 Rb7 30. Kc4 h5 31. f4 g6 32. g3 Kc6 33. h3 Bd8 34. e4 Bb6 35. Ra8 Ra7 36. Rb8 Ra4+ 37. Kd3 c4+ 38. Kc2 Ra2+ 39. Kd1 Ra3 40. Kc2 Ra2+ 41. Kd1 Ra3 42. Kc2 1/2-1/2

[Event "2BLW 2324 SV Werder Bremen II - SC Siegb"]
[Site "?"]
[Date "2023.10.22"]
[Round "2.6"]
[White "Joachim, Sven"]
[Black "Dzierzenga, Stefan"]
[Result "1-0"]
[WhiteElo "2387"]
[BlackElo "2137"]
[PlyCount "49"]
[EventDate "2023.??.??"]

1. e4 e6 2. d4 d5 3. Nd2 Nf6 4. e5 Nfd7 5. f4 c5 6. Ngf3 Nc6 7. Nb3 cxd4 8. Nbxd4 Bc5 9. c3 O-O 10. Bd3 Nxd4 11. cxd4 Be7 12. O-O f5 13. exf6 Bxf6 14. Qc2 h6 15. Qe2 Re8 16. Be3 Nf8 17. g4 g6 18. g5 hxg5 19. fxg5 Bg7 20. Ne5 Bxe5 21. dxe5 Bd7 22. Rf6 d4 23. Bxg6 dxe3 24. Bf7+ Kg7 25. Qh5 1-0

[Event "2BLW 2324 SV Werder Bremen II - SC Siegb"]
[Site "?"]
[Date "2023.10.22"]
[Round "2.7"]
[White "Albrecht, Oliver"]
[Black "Richter, Christian"]
[Result "0-1"]
[WhiteElo "2147"]
[BlackElo "2358"]
[PlyCount "110"]
[EventDate "2023.??.??"]

1. Nf3 Nf6 2. c4 g6 3. g3 Bg7 4. Bg2 O-O 5. O-O d6 6. d4 Nc6 7. Nc3 a6 8. Qd3 Nd7 9. e4 e5 10. dxe5 Ndxe5 11. Nxe5 Nxe5 12. Qe2 Bg4 13. f3 Be6 14. Nd5 c6 15. Ne3 Qb6 16. Kh1 Qc5 17. Rd1 Nxc4 18. Rb1 Nxe3 19. Bxe3 Qb5 20. Qxb5 axb5 21. a3 d5 22. exd5 Bxd5 23. f4 Ba2 24. Ra1 Be6 25. Bd4 Rfd8 26. Bxg7 Kxg7 27. Bf3 Bb3 28. Rxd8 Rxd8 29. Re1 Rd2 30. Re2 Rd3 31. Be4 Rd4 32. Bc2 Bc4 33. Rf2 b4 34. axb4 Bd5+ 35. Kg1 Rxb4 36. Bd3 Rd4 37. Bc2 Rb4 38. Bd3 Rd4 39. Bc2 Kf6 40. Kf1 Rb4 41. Bb1 h6 42. Rd2 Ke7 43. Ke2 Ra4 44. Ke3 Kd6 45. Bc2 Rb4 46. Bd1 Kc5 47. Rf2 Re4+ 48. Kd3 Re1 49. Bc2 b5 50. Kc3 Re3+ 51. Kd2 Kd4 52. Bd1 b4 53. Be2 c5 54. Bd1 c4 55. Be2 Rb3 0-1

[Event "2BLW 2324 SF Lieme - SG Porz"]
[Site "?"]
[Date "2023.10.22"]
[Round "2.1"]
[White "Lutz, Christopher"]
[Black "Niermann, Tristan"]
[Result "0-1"]
[WhiteElo "2526"]
[BlackElo "2387"]
[PlyCount "70"]
[EventDate "2023.??.??"]

1. e4 c5 2. Nf3 d6 3. d4 cxd4 4. Nxd4 Nf6 5. Nc3 Nc6 6. Bg5 e6 7. Qd2 a6 8. O-O-O Bd7 9. f3 Nxd4 10. Qxd4 Be7 11. Kb1 Qc7 12. h4 b5 13. h5 h6 14. Be3 Rb8 15. g4 b4 16. Ne2 a5 17. Ng3 O-O 18. Qc4 Bc6 19. Ne2 d5 20. exd5 Nxd5 21. Bc1 Qb7 22. Nd4 Nc3+ 23. bxc3 bxc3+ 24. Qb3 Qa8 25. Bb5 Bxb5 26. Nxb5 a4 27. Qc4 Rfc8 28. Qd3 Rc5 29. Ka1 Rcxb5 30. Bf4 e5 31. Rhe1 Qb7 32. Qe4 Ba3 33. Qxb7 R5xb7 34. Bxe5 Bb2+ 35. Kb1 Bc1+ 0-1

[Event "2BLW 2324 SF Lieme - SG Porz"]
[Site "?"]
[Date "2023.10.22"]
[Round "2.2"]
[White "Wittke, Rene"]
[Black "Xu, Xianliang"]
[Result "1/2-1/2"]
[WhiteElo "2325"]
[BlackElo "2452"]
[PlyCount "29"]
[EventDate "2023.??.??"]

1. d4 Nf6 2. Nf3 c5 3. d5 e6 4. Nc3 exd5 5. Nxd5 Nxd5 6. Qxd5 Nc6 7. e4 d6 8. Ng5 Qe7 9. Bc4 f6 10. Qf7+ Kd7 11. Be6+ Kc7 12. Bxc8 Kxc8 13. Qxe7 Bxe7 14. Ne6 Nb4 15. Kd1 1/2-1/2

[Event "2BLW 2324 SF Lieme - SG Porz"]
[Site "?"]
[Date "2023.10.22"]
[Round "2.3"]
[White "Rotstein, Arkadij"]
[Black "Bentel, Robin"]
[Result "1-0"]
[WhiteElo "2450"]
[BlackElo "2170"]
[PlyCount "69"]
[EventDate "2023.??.??"]

1. d4 Nf6 2. Nf3 g6 3. g3 Bg7 4. Bg2 O-O 5. O-O d5 6. c3 c6 7. Bf4 Ne4 8. Nbd2 Bf5 9. Nh4 Nd7 10. Nxe4 Bxe4 11. f3 Bf5 12. Nxf5 gxf5 13. Qc2 Re8 14. Qxf5 e5 15. Bg5 Qc7 16. e3 h6 17. Bh4 exd4 18. exd4 Re6 19. Rae1 Rae8 20. Rxe6 Rxe6 21. Bh3 Nf8 22. Qc2 Re8 23. Bf5 c5 24. dxc5 Qxc5+ 25. Kh1 Qc4 26. Qb1 Ng6 27. Bd3 Qc6 28. Bxg6 fxg6 29. g4 Re2 30. Rf2 Re3 31. Kg2 Kh7 32. Qd1 Qe6 33. Rd2 Qa6 34. Bf2 Re8 35. Qb3 1-0

[Event "2BLW 2324 SF Lieme - SG Porz"]
[Site "?"]
[Date "2023.10.22"]
[Round "2.4"]
[White "Himpenmacher, Andy"]
[Black "Suvorov, Alexander"]
[Result "1/2-1/2"]
[WhiteElo "2214"]
[BlackElo "2340"]
[PlyCount "101"]
[EventDate "2023.??.??"]

1. Nf3 Nf6 2. b3 g6 3. Bb2 Bg7 4. e3 O-O 5. Be2 d6 6. d4 Nbd7 7. O-O e5 8. dxe5 Ng4 9. c4 dxe5 10. h3 Nh6 11. Qc2 Re8 12. Nc3 e4 13. Nd2 f5 14. Rfd1 c6 15. c5 Qe7 16. Nc4 Nxc5 17. Ba3 b6 18. Nd6 Rd8 19. Bxc5 bxc5 20. Nxc8 Raxc8 21. Rac1 Nf7 22. Bc4 Kh8 23. Bxf7 Qxf7 24. Na4 c4 25. Rxd8+ Rxd8 26. Qxc4 Qxc4 27. Rxc4 Rd1+ 28. Kh2 Rd2 29. Kg1 Rxa2 30. g4 Bf6 31. gxf5 gxf5 32. Rc5 f4 33. Nc3 Bxc3 34. Rxc3 fxe3 35. Rxe3 Ra3 36. Kg2 a5 37. Kg3 Kg7 38. Kf4 Ra2 39. Kxe4 Rxf2 40. Rc3 Rf6 41. Rc5 Rh6 42. Rc3 Rh4+ 43. Ke5 Rh6 44. Kd4 Rh5 45. Rxc6 Rxh3 46. Rc5 Rxb3 47. Rxa5 Rf3 48. Ke4 Rf1 49. Rf5 Rxf5 50. Kxf5 h5 51. Kg5 1/2-1/2

[Event "2BLW 2324 SF Lieme - SG Porz"]
[Site "?"]
[Date "2023.10.22"]
[Round "2.5"]
[White "Suvorov, Luca"]
[Black "Essing, Arnold"]
[Result "1-0"]
[WhiteElo "2324"]
[BlackElo "2219"]
[PlyCount "69"]
[EventDate "2023.??.??"]

1. d4 d5 2. c4 c6 3. Nc3 dxc4 4. e3 b5 5. a4 b4 6. Na2 e6 7. Bxc4 Nf6 8. Nf3 Be7 9. O-O O-O 10. Qe2 c5 11. Rd1 Qb6 12. e4 cxd4 13. Nxd4 e5 14. Nf5 Bxf5 15. exf5 Nbd7 16. Be3 Bc5 17. Bb5 b3 18. Nb4 e4 19. a5 Qb7 20. Bxd7 Qxb4 21. Bc6 Bxe3 22. Bxa8 Bd4 23. Qd2 Qxd2 24. Rxd2 Bc5 25. Rc1 e3 26. Rd3 exf2+ 27. Kf1 Bb4 28. Bb7 Bxa5 29. Kxf2 Ng4+ 30. Kg3 h5 31. Rxb3 Bb6 32. h3 Ne3 33. Kf4 Re8 34. Bc6 Re7 35. Be4 1-0

[Event "2BLW 2324 SF Lieme - SG Porz"]
[Site "?"]
[Date "2023.10.22"]
[Round "2.6"]
[White "Schaffarczyk, Andre"]
[Black "Korotkjevich, Stanislav"]
[Result "0-1"]
[WhiteElo "2118"]
[BlackElo "2365"]
[PlyCount "52"]
[EventDate "2023.??.??"]

1. e4 g6 2. d4 Bg7 3. Nc3 c6 4. f4 d5 5. e5 h5 6. Nf3 Nh6 7. Be3 O-O 8. Bd3 Bf5 9. Be2 Nd7 10. O-O f6 11. h3 Rf7 12. Nh4 fxe5 13. fxe5 e6 14. Qd2 Qf8 15. Nf3 c5 16. dxc5 Nxc5 17. Bd4 Rd7 18. Ng5 Qc8 19. Nb5 Qc6 20. Nd6 Rxd6 21. exd6 e5 22. Bc3 Rd8 23. b4 Na4 24. Rf3 Qxd6 25. Bb5 Nxc3 26. Rxc3 e4 {(ZUe)} 0-1

[Event "2BLW 2324 SF Lieme - SG Porz"]
[Site "?"]
[Date "2023.10.22"]
[Round "2.7"]
[White "Pauly, Carlo"]
[Black "Wolf, Andre"]
[Result "1-0"]
[WhiteElo "2323"]
[BlackElo "2076"]
[PlyCount "53"]
[EventDate "2023.??.??"]

1. d4 Nf6 2. c4 e6 3. Nc3 Bb4 4. Qc2 c5 5. dxc5 Na6 6. a3 Bxc3+ 7. Qxc3 Nxc5 8. f3 a5 9. e4 a4 10. Be3 Nb3 11. Rd1 O-O 12. Bd3 Qc7 13. Ne2 e5 14. Bc2 Nc5 15. O-O d6 16. Qb4 b6 17. Nc3 Bd7 18. f4 Ng4 19. Nd5 Qb8 20. Bc1 exf4 21. Bxf4 Ne5 22. Bxe5 dxe5 23. Nxb6 Bg4 24. Nxa8 Bxd1 25. Rxd1 Ne6 26. Nb6 Nd4 27. Nd7 1-0